| 000 | 00909cam a22003854a 4500 | ||
|---|---|---|---|
| 001 | 9459 | ||
| 003 | DO-SdBNP | ||
| 005 | 20160713105712.0 | ||
| 007 | 9459 | ||
| 008 | 070730s2005 b 001 0 eng | ||
| 010 | _a | ||
| 020 | _a9780743287937 | ||
| 020 | _a | ||
| 040 |
_aBPMSU _c spa _dBPMSU |
||
| 050 | 0 | 0 |
_a _b |
| 082 | _2658.409 | ||
| 100 | 1 | _aCovey, Stephen R. | |
| 245 | 1 | 4 |
_aThe 8th habit : _bfrom effectiveness to greatness / _cStephen R. Covey. |
| 246 | 3 | _aEighth habit | |
| 250 | _a | ||
| 260 |
_aNew York : _bFree Press, _c2005. |
||
| 300 |
_axvi, 409 p. : _bill. ; _c22 cm. |
||
| 650 | 0 | _aSELF-ACTUALIZATION (PSYCHOLOGY) | |
| 650 | 0 | _aSUCCESS | |
| 650 | 0 | _aSATISFACTION | |
| 650 | 0 | _aVOCATION | |
| 700 | _a | ||
| 700 | _a | ||
| 700 | _a | ||
| 700 | _a | ||
| 856 | 4 | 1 |
_3 _u |
| 942 |
_2ddc _cBK |
||
| 956 |
_aVMATEO _b10 _c20160713 _dBPMSU _f00069 |
||
| 999 |
_c10853 _d10853 |
||